logo

Bir Sreshtho Munshi Abdur Rouf Library
Jhenaidah Cadet College

A concise history of costume / (Record no. 9967)

MARC details
000 -LEADER
fixed length control field 00873cam a2200301 4500
001 - CONTROL NUMBER
JCCL Control Number 9967
003 - CONTROL NUMBER IDENTIFIER
JCCL marc code BD-JhCC
005 - DATE AND TIME OF LATEST TRANSACTION
control field 20180403195935.0
008 - FIXED-LENGTH DATA ELEMENTS--GENERAL INFORMATION
fixed length control field 180403s1969 enka b 001 0 eng
020 ## - INTERNATIONAL STANDARD BOOK NUMBER
International Standard Book Number 050018092X
035 ## - SYSTEM CONTROL NUMBER
system control number (BD-JhCC)9967
040 ## - CATALOGING SOURCE
Original cataloging agency DLC
Transcribing agency DLC
Modifying agency DLC
-- BD-JhCC
041 ## - LANGUAGE CODE
Language code of Book eng
050 00 - LIBRARY OF CONGRESS CALL NUMBER
Classification number GT510
Item number .L286
082 00 - DEWEY DECIMAL CLASSIFICATION NUMBER
Classification number 391/.009
Author mark and Year LAV 1969
100 1# - MAIN ENTRY--PERSONAL NAME
Personal name Laver, James,
Dates associated with a name 1899-
245 12 - TITLE STATEMENT
Title A concise history of costume /
Statement of responsibility, etc James Laver,
260 ## - PUBLICATION, DISTRIBUTION, ETC. (IMPRINT)
Place of publication, distribution, etc London :
Name of publisher, distributor, etc Thames & Hudson,
Date of publication, distribution, etc 1969.
300 ## - PHYSICAL DESCRIPTION
Pagination 288 p.
Other physical details 314 illus. (58 col.)
Dimensions 22 cm.
350 ## - PRICE (NR) (BK AM CF MU VM SE) [OBSOLETE]
Price 42/-
490 0# - SERIES STATEMENT
Series statement [The World of art library. General]
500 ## - GENERAL NOTE
General note Rev. ed. published as: Costume and fashion. Rev. ed. 1983, c1982.
504 ## - BIBLIOGRAPHY, ETC. NOTE
Bibliography, etc Bibliography: p. 277.
650 #0 - SUBJECT ADDED ENTRY--TOPICAL TERM
Topical term or geographic name as entry element Clothing and dress
General subdivision History.
650 #0 - SUBJECT ADDED ENTRY--TOPICAL TERM
Topical term or geographic name as entry element Fashion
General subdivision History.
942 ## - ADDED ENTRY ELEMENTS (KOHA)
Source of classification or shelving scheme Dewey Decimal Classification
Koha item type Reference
Holdings
Source of classification or shelving scheme Damaged status Not for loan Home library Current library Shelving location Date of accession Total Checkouts Full call number Barcode Date last seen Copy number Koha item type
Dewey Decimal Classification     JCC Rouf Library JCC Rouf Library General Stacks 04/03/2018   391/.009 LAV 1969 13245 04/03/2018 C-1 Reference

JCC Library | Contacts | JCC Home

Last Update on 23 September 2017
Copyright @ 2017-2020 JCC Rouf Library
Rouf Library, Jhenidah Cadet College (JCC), Bangladesh